Algunos aspectos relativos a los enfoques sobre la crisis en Costa Rica
Guardado en:
| Autor principal: | |
|---|---|
| Formato: | Texto |
| Publicado: |
San José
|
| Etiquetas: |
Agregar Etiqueta
Sin Etiquetas, Sea el primero en etiquetar este registro!
|
MARC
| LEADER | 00000 a a2200000 04500 | ||
|---|---|---|---|
| 001 | 21207 | ||
| 003 | |||
| 040 | |||
| 090 | |a 092400 | ||
| 100 | |a Romero Pérez, Jorge Enrique | ||
| 245 | |a Algunos aspectos relativos a los enfoques sobre la crisis en Costa Rica | ||
| 260 | |a San José | ||
| 300 | |a 15 p. | ||
| 999 | |c 1731 |d 1731 | ||
